[Event "XV Konik Morski Rewala - Open B"]
[Site "Rewal"]
[Date "2010.08.27"]
[Round "8.6"]
[White "Tobolski, Jakub"]
[Black "Karcz, Bartlomiej"]
[Result "1/2-1/2"]
[WhiteElo "2073"]
[BlackElo "1988"]
[PlyCount "26"]
[EventDate "2010.??.??"]

1. e4 e5 2. Nf3 Nc6 3. Bc4 Nf6 4. d3 Be7 5. c3 O-O 6. O-O d5 7. exd5 Nxd5 8.
Re1 Bf6 9. Nbd2 Nf4 10. Ne4 Ng6 11. Nxf6+ Qxf6 12. Bg5 Qd6 13. Nd2 Na5 1/2-1/2

[Event "XV Konik Morski Rewala - Open B"]
[Site "Rewal"]
[Date "2010.08.27"]
[Round "8.7"]
[White "Mirski, Michal"]
[Black "Szmidt, Przemyslaw"]
[Result "0-1"]
[WhiteElo "1700"]
[BlackElo "2033"]
[PlyCount "165"]
[EventDate "2010.??.??"]

1. e4 d5 2. exd5 Nf6 3. d4 Nxd5 4. c4 Nb6 5. Nf3 Bg4 6. Be3 g6 7. Nbd2 Bg7 8.
h3 Bxf3 9. Nxf3 N8d7 10. Be2 O-O 11. O-O c6 12. Qc2 e5 13. Rfd1 Qc7 14. Rac1
Rac8 15. dxe5 Nxe5 16. Nxe5 Bxe5 17. Bf3 Rcd8 18. Bg5 Rxd1+ 19. Rxd1 Re8 20. b3
Nd7 21. Qd2 Nf8 22. Bg4 h5 23. Bf3 Ne6 24. Be3 Rd8 25. Qe2 Bd4 26. Re1 Qb6 27.
Bxd4 Nxd4 28. Qe4 Nxf3+ 29. Qxf3 Qc5 30. Qf6 Rf8 31. Re7 b5 32. Rc7 bxc4 33.
Rxc6 Qa3 34. bxc4 Qxa2 35. Ra6 Qxc4 36. Rxa7 Re8 37. Ra1 Qd5 38. Kh1 Re6 39.
Qf4 Kg7 40. Rc1 Rf6 41. Qe3 Qa2 42. Kg1 Qb2 43. Rd1 Qa2 44. Qd4 Qe6 45. Rb1 Qe2
46. Rb2 Qe1+ 47. Kh2 Qf1 48. Rd2 Qa6 49. Rb2 Qe6 50. Rb8 Qf5 51. Rb2 g5 52. Re2
Kh6 53. Rb2 Kh7 54. Rd2 Kg8 55. Rb2 Kh7 56. Re2 Re6 57. Rxe6 Qxe6 58. Qd2 Qe5+
59. Kg1 Kg7 60. Qd1 Kg6 61. Qc2+ Qf5 62. Qa2 Qe5 63. Qc2+ Kg7 64. Qd1 Kh6 65.
Qd2 h4 66. Qc2 Kg7 67. Qd2 Kf6 68. Qc2 Ke6 69. Qc6+ Kf5 70. Qd7+ Qe6 71. Qd3+
Qe4 72. Qd7+ Kg6 73. Qd6+ f6 74. Qd2 f5 75. Qd6+ Kh5 76. Qd1+ g4 77. hxg4+ fxg4
78. Qa1 Kg6 79. Qa5 Qf5 80. Qd2 Kh5 81. Qb2 Kg5 82. Qg7+ Qg6 83. Qe7+ 0-1

[Event "XV Konik Morski Rewala - Open B"]
[Site "Rewal"]
[Date "2010.08.27"]
[Round "8.8"]
[White "Poswiatowski, Michal"]
[Black "Choroszej, Aleksander"]
[Result "1-0"]
[WhiteElo "1925"]
[BlackElo "2095"]
[PlyCount "70"]
[EventDate "2010.??.??"]

1. e4 g6 2. d4 Bg7 3. c4 d6 4. Nc3 Nf6 5. f3 Nc6 6. d5 Nb8 7. Bg5 c6 8. Qd2 Na6
9. Bd3 Qa5 10. Nge2 Bd7 11. a3 Rc8 12. O-O cxd5 13. exd5 O-O 14. Kh1 Qc7 15. b4
Bf5 16. Bxf5 gxf5 17. Rac1 Qxc4 18. Bxf6 exf6 19. Ne4 Qb3 20. Nxd6 Rxc1 21.
Rxc1 Rd8 22. Nxb7 Qxd5 23. Qxd5 Rxd5 24. Rc6 Rd1+ 25. Ng1 Bh6 26. Nd6 Bf8 27.
Nxf5 Nb8 28. Rc8 Na6 29. h4 h5 30. g4 hxg4 31. fxg4 Rd7 32. h5 Nc7 33. Ne2 Ne6
34. Nc3 Ng7 35. Nxg7 Kxg7 1-0

[Event "XV Konik Morski Rewala - Open B"]
[Site "Rewal"]
[Date "2010.08.27"]
[Round "8.9"]
[White "Gonsior, Monika"]
[Black "Prazmowski, Bartosz"]
[Result "1-0"]
[WhiteElo "2087"]
[BlackElo "1893"]
[PlyCount "65"]
[EventDate "2010.??.??"]

1. e4 c6 2. d4 d5 3. exd5 cxd5 4. Bd3 Nc6 5. c3 Qc7 6. f4 Nf6 7. Nf3 g6 8. Ne5
Bg7 9. O-O Ne4 10. Bxe4 dxe4 11. Qe2 f6 12. Nc4 Be6 13. Nca3 f5 14. Be3 a6 15.
Nd2 b5 16. Nb3 O-O 17. Nc5 Bd5 18. Rf2 g5 19. g3 g4 20. h3 h5 21. hxg4 hxg4 22.
Rh2 Kf7 23. Rh5 e6 24. Nc2 Rh8 25. Rxh8 Bxh8 26. b3 Ne7 27. c4 Bc6 28. Qh2 Bg7
29. Qh5+ Ng6 30. Nxe6 Kxe6 31. Qxg6+ Bf6 32. d5+ Ke7 33. Bc5+ 1-0

[Event "XV Konik Morski Rewala - Open B"]
[Site "Rewal"]
[Date "2010.08.27"]
[Round "8.10"]
[White "Szydlowska-Duda, Marta"]
[Black "Starczewska, Dominika"]
[Result "1-0"]
[WhiteElo "2063"]
[BlackElo "1886"]
[PlyCount "49"]
[EventDate "2010.??.??"]

1. d4 Nf6 2. Nf3 g6 3. Bf4 Bg7 4. e3 O-O 5. Be2 d5 6. h3 c5 7. c3 cxd4 8. exd4
Nc6 9. O-O Ne4 10. Nbd2 Re8 11. Re1 Nxd2 12. Qxd2 Bd7 13. Bd3 Rc8 14. h4 h5 15.
Bh6 Bf6 16. Qf4 e6 17. Ne5 Nxe5 18. dxe5 Bg7 19. Re3 Qe7 20. Rg3 Kh7 21. Bg5
Qf8 22. Rf3 Kg8 23. g4 hxg4 24. Qxg4 Bxe5 25. Bxg6 1-0

[Event "XV Konik Morski Rewala - Open B"]
[Site "Rewal"]
[Date "2010.08.27"]
[Round "8.11"]
[White "Bednarski, Dawid"]
[Black "Weglarz, Joanna"]
[Result "1-0"]
[WhiteElo "1822"]
[BlackElo "2037"]
[PlyCount "45"]
[EventDate "2010.??.??"]

1. e4 c5 2. Nf3 d6 3. d4 cxd4 4. Nxd4 Nf6 5. Nc3 a6 6. Bg5 e6 7. f4 Be7 8. Qf3
Qc7 9. O-O-O Nbd7 10. g4 h6 11. Bxf6 Bxf6 12. h4 Qb6 13. Nb3 Nc5 14. Nxc5 Qxc5
15. e5 dxe5 16. Ne4 Qa5 17. Nd6+ Kf8 18. g5 Be7 19. Nxf7 e4 20. Qh5 Qxa2 21.
Nxh8 Qa1+ 22. Kd2 Qa5+ 23. c3 1-0

[Event "XV Konik Morski Rewala - Open B"]
[Site "Rewal"]
[Date "2010.08.27"]
[Round "8.12"]
[White "Botor, Michal"]
[Black "Gorol, Jacek"]
[Result "1/2-1/2"]
[WhiteElo "1987"]
[BlackElo "1684"]
[PlyCount "52"]
[EventDate "2010.??.??"]

1. e4 d6 2. d4 g6 3. Nc3 Bg7 4. f4 Nf6 5. Nf3 O-O 6. Bd3 Nc6 7. O-O a6 8. a3
Bg4 9. Be3 e5 10. fxe5 dxe5 11. d5 Nd4 12. Ne2 Nxf3+ 13. gxf3 Bh3 14. Rf2 Nh5
15. Kh1 Kh8 16. Ng1 Bd7 17. c4 b6 18. b4 f5 19. Rg2 fxe4 20. fxe4 Nf4 21. Bxf4
exf4 22. Rb1 Qf6 23. Nf3 Qc3 24. Rb3 Qf6 25. e5 Qe7 26. e6 Ba4 1/2-1/2

[Event "XV Konik Morski Rewala - Open B"]
[Site "Rewal"]
[Date "2010.08.27"]
[Round "8.13"]
[White "Ziebinski, Bartosz"]
[Black "Snihur, Piotr"]
[Result "1-0"]
[WhiteElo "1954"]
[BlackElo "1731"]
[PlyCount "89"]
[EventDate "2010.??.??"]

1. e4 c5 2. Nc3 Nc6 3. g3 d6 4. Bg2 g6 5. d3 Bg7 6. Be3 e6 7. Qd2 Nge7 8. Bh6
O-O 9. h4 Re8 10. h5 Bh8 11. hxg6 hxg6 12. Nge2 f6 13. O-O-O Nd4 14. Nxd4 cxd4
15. Ne2 e5 16. f4 a5 17. Bf3 Be6 18. Kb1 Qc7 19. g4 Bf7 20. f5 Rec8 21. g5 b5
22. Rdg1 b4 23. gxf6 Bxf6 24. fxg6 Bxg6 25. Bg4 Kf7 26. Bxc8 Rxc8 27. Rf1 Ke6
28. Rhg1 Bf7 29. Ng3 Ng8 30. Rg2 Be8 31. Nf5 Ba4 32. b3 Bb5 33. Bg7 Qf7 34.
Bxf6 Nxf6 35. Rg7 Qf8 36. Qg2 Re8 37. Qg6 d5 38. Nh6 Re7 39. Rxe7+ Kxe7 40.
Rxf6 Be8 41. Rxf8 Bxg6 42. Rg8 Kf6 43. exd5 Kg5 44. d6 Kxh6 45. d7 1-0

[Event "XV Konik Morski Rewala - Open B"]
[Site "Rewal"]
[Date "2010.08.27"]
[Round "8.14"]
[White "Swiech, Piotr"]
[Black "Kuspak, Aleksander"]
[Result "0-1"]
[WhiteElo "1943"]
[BlackElo "1832"]
[PlyCount "38"]
[EventDate "2010.??.??"]

1. d4 Nf6 2. c4 c5 3. d5 e6 4. Nc3 exd5 5. cxd5 d6 6. e4 g6 7. f3 Bg7 8. Be3
O-O 9. Be2 a6 10. a4 Ne8 11. g4 f5 12. gxf5 gxf5 13. Qd2 Qh4+ 14. Kd1 f4 15.
Bxc5 dxc5 16. Bd3 Nd6 17. Nge2 Nd7 18. b3 Ne5 19. Bc2 Nxf3 0-1

[Event "XV Konik Morski Rewala - Open B"]
[Site "Rewal"]
[Date "2010.08.27"]
[Round "8.15"]
[White "Faron, Rafal"]
[Black "Jacel, Lukasz"]
[Result "1/2-1/2"]
[WhiteElo "1760"]
[BlackElo "1927"]
[PlyCount "33"]
[EventDate "2010.??.??"]

1. d4 Nf6 2. c4 e6 3. Nc3 Bb4 4. Qc2 c5 5. dxc5 Na6 6. c6 bxc6 7. Bg5 d5 8. e3
O-O 9. a3 Bd6 10. Nf3 Nc7 11. Be2 h6 12. Bh4 e5 13. O-O e4 14. Nd4 g5 15. Bg3
Bxg3 16. hxg3 Bb7 17. Rfd1 1/2-1/2

[Event "XV Konik Morski Rewala - Open B"]
[Site "Rewal"]
[Date "2010.08.27"]
[Round "8.16"]
[White "Slabek, Grzegorz"]
[Black "Somyk, Marcin"]
[Result "1-0"]
[WhiteElo "2065"]
[BlackElo "1869"]
[PlyCount "83"]
[EventDate "2010.??.??"]

1. Nf3 Nf6 2. e3 d5 3. Be2 Bf5 4. c4 c6 5. Qb3 Qc8 6. Nc3 e6 7. d4 Bd6 8. Bd2
h6 9. Rc1 Nbd7 10. cxd5 exd5 11. Nb5 Bb8 12. Bb4 Ne4 13. Qxd5 Ndf6 14. Qb3 a6
15. Nc3 Bd6 16. Nxe4 Nxe4 17. Qa3 Qd7 18. Bxd6 Nxd6 19. Ne5 Qe6 20. O-O O-O 21.
Bd3 Be4 22. Bxe4 Nxe4 23. Qd3 Nd6 24. b3 Nf5 25. Rc5 Nh4 26. g3 f6 27. Qc4 Qxc4
28. Nxc4 Nf3+ 29. Kg2 Ng5 30. Nb6 Rad8 31. Rc2 Rfe8 32. Rd1 Kf7 33. h4 Ne6 34.
d5 cxd5 35. Rxd5 Rxd5 36. Nxd5 Rd8 37. e4 Rd7 38. Rc8 Nd4 39. Ne3 Nb5 40. Nf5
Na7 41. Rb8 Nc6 42. Rxb7 1-0

[Event "XV Konik Morski Rewala - Open B"]
[Site "Rewal"]
[Date "2010.08.27"]
[Round "8.17"]
[White "Galaszewski, Patryk"]
[Black "Matuszczyk, Przemyslaw"]
[Result "0-1"]
[WhiteElo "1829"]
[BlackElo "2059"]
[PlyCount "106"]
[EventDate "2010.??.??"]

1. d4 Nf6 2. c4 d6 3. Nc3 Nbd7 4. e4 e5 5. d5 g6 6. f3 Bg7 7. Be3 O-O 8. Qd2 a5
9. h4 Re8 10. Bh6 Bh8 11. h5 Nxh5 12. Nge2 a4 13. g4 Nf4 14. Nxf4 exf4 15. Bxf4
Ne5 16. Be2 Qf6 17. Rh3 a3 18. O-O-O axb2+ 19. Kxb2 Nd7 20. Rc1 Qe7 21. Rch1
Nf8 22. Bh6 Bg7 23. Bxg7 Kxg7 24. Rxh7+ Nxh7 25. Qh6+ Kf6 26. Qh4+ g5 27. Qxh7
Qe5 28. f4 gxf4 29. Rh5 Rxa2+ 30. Kxa2 Qxc3 31. Qh6+ Ke7 32. e5 dxe5 33. Qg5+
Kd6 34. Qf6+ Be6 35. Rh8 Rxh8 36. Qxh8 Qc2+ 37. Ka3 Qxe2 38. Qf8+ Kd7 39. dxe6+
fxe6 40. Qf7+ Kd6 41. Qf8+ Kc6 42. Qe8+ Kc5 43. Qxe6 Qd3+ 44. Kb2 Qd4+ 45. Kb1
f3 46. Qe7+ Kxc4 47. Qf7+ Qd5 48. Qxc7+ Kd3 49. Qc2+ Ke3 50. Qc1+ Ke2 51. Qc2+
Qd2 52. Qe4+ Qe3 53. Qc2+ Ke1 0-1

[Event "XV Konik Morski Rewala - Open B"]
[Site "Rewal"]
[Date "2010.08.27"]
[Round "8.19"]
[White "Miechowicz, Witold"]
[Black "Kiolbasa, Oliwia"]
[Result "1-0"]
[WhiteElo "1935"]
[BlackElo "1593"]
[PlyCount "71"]
[EventDate "2010.??.??"]

1. e4 c5 2. Nf3 e6 3. c3 d5 4. e5 Nc6 5. d4 cxd4 6. cxd4 Nge7 7. Bd3 g6 8. Nc3
Bg7 9. Be3 a6 10. Rc1 Nf5 11. Bxf5 gxf5 12. O-O Bd7 13. Na4 Rc8 14. Nc5 Qc7 15.
Qd2 h6 16. Rfe1 Ra8 17. Rc2 b6 18. Nd3 Qb7 19. Rec1 Rc8 20. Nf4 h5 21. Ng5 Na5
22. Rxc8+ Bxc8 23. b3 Nc6 24. h4 Bh6 25. Nfh3 Ne7 26. Nxf7 Kxf7 27. Bxh6 Bd7
28. Qg5 Rg8 29. Qf6+ Ke8 30. Bg5 Bb5 31. Nf4 Qd7 32. Nxe6 Bc6 33. Ng7+ Rxg7 34.
Qxg7 Bb5 35. Rc8+ Nxc8 36. Qg8# 1-0

[Event "XV Konik Morski Rewala - Open B"]
[Site "Rewal"]
[Date "2010.08.27"]
[Round "8.20"]
[White "Grabowski, Jan"]
[Black "Najdzionek, Boleslaw"]
[Result "1/2-1/2"]
[WhiteElo "1807"]
[BlackElo "1924"]
[PlyCount "97"]
[EventDate "2010.??.??"]

1. d4 d5 2. c4 c6 3. Nc3 Nf6 4. Bg5 e6 5. cxd5 exd5 6. e3 Be7 7. Bd3 Nbd7 8.
Nge2 b6 9. O-O Bb7 10. f3 O-O 11. Qd2 c5 12. Rae1 h6 13. Bh4 Re8 14. Bf2 Bd6
15. Bg3 Nf8 16. Bb5 Re7 17. Bxd6 Qxd6 18. Ng3 g6 19. Qf2 a6 20. Ba4 b5 21. dxc5
Qxc5 22. Bc2 Rae8 23. e4 Qxf2+ 24. Kxf2 Rc7 25. Bd3 dxe4 26. Ngxe4 Nxe4+ 27.
Nxe4 Re6 28. Rc1 Rec6 29. Nf6+ Kh8 30. Rxc6 Bxc6 31. Rc1 Ne6 32. Be4 Bxe4 33.
Rxc7 Nxc7 34. Nxe4 Kg7 35. Ke3 Ne6 36. Nf2 f5 37. Nd3 a5 38. Ne5 Kf6 39. Nc6 a4
40. Nd4 Nc7 41. Nc6 Ke6 42. Kd4 Kd6 43. Nd8 h5 44. f4 Kd7 45. Nf7 Ke7 46. Ne5
Ne6+ 47. Ke3 Nf8 48. g3 Kd6 49. Kd4 1/2-1/2

[Event "XV Konik Morski Rewala - Open B"]
[Site "Rewal"]
[Date "2010.08.27"]
[Round "8.23"]
[White "Paszewski, Mateusz"]
[Black "Grabowski, Adam"]
[Result "0-1"]
[WhiteElo "1781"]
[BlackElo "1952"]
[PlyCount "70"]
[EventDate "2010.??.??"]

1. Nf3 d5 2. c4 Nf6 3. g3 Bf5 4. Bg2 c6 5. O-O dxc4 6. Na3 g6 7. Nxc4 Bg7 8.
Qb3 Qc8 9. Nd4 Be4 10. Bxe4 Nxe4 11. Qe3 Bxd4 12. Qxd4 Nf6 13. Nd6+ exd6 14.
Qxf6 O-O 15. Qxd6 Re8 16. e3 Na6 17. d4 Qf5 18. Qa3 Rad8 19. f3 Nc7 20. e4 Qf6
21. e5 Qf5 22. g4 Qd7 23. Qxa7 Nb5 24. Qc5 Nxd4 25. Bg5 Ne6 26. Qe3 Nxg5 27.
Qxg5 Qd4+ 28. Kh1 Rxe5 29. Qc1 Re2 30. Re1 Qf2 31. Rxe2 Qxe2 32. Qf4 Rd2 33.
Qg3 Rd3 34. b4 Rxf3 35. Qg1 Rf4 0-1

[Event "XV Konik Morski Rewala - Open B"]
[Site "Rewal"]
[Date "2010.08.27"]
[Round "8.24"]
[White "Kubica, Kamil"]
[Black "Mostowski, Boguslaw"]
[Result "1-0"]
[WhiteElo "1917"]
[BlackElo "1779"]
[PlyCount "63"]
[EventDate "2010.??.??"]

1. Nf3 Nf6 2. g3 b6 3. Bg2 Bb7 4. c4 c5 5. Nc3 e6 6. d4 cxd4 7. Qxd4 Nc6 8. Qh4
Be7 9. Bg5 a6 10. e4 Qc7 11. Bf4 d6 12. Be3 Nd7 13. Qh3 Bf6 14. O-O Bxc3 15.
bxc3 Na5 16. Nd2 Nxc4 17. Nxc4 Qxc4 18. Rad1 Qc6 19. Qg4 g6 20. Qf4 e5 21. Qf3
f5 22. Bg5 O-O 23. Qd3 Nc5 24. Qxd6 Qxd6 25. Rxd6 Bxe4 26. f3 Bd3 27. Re1 Rfe8
28. Rxb6 e4 29. fxe4 Bxe4 30. Bf1 Re6 31. Bc4 Rae8 32. Be3 1-0

[Event "XV Konik Morski Rewala - Open B"]
[Site "Rewal"]
[Date "2010.08.27"]
[Round "8.25"]
[White "Cichy, Kamil"]
[Black "Mackiewicz, Piotr"]
[Result "1-0"]
[WhiteElo "1900"]
[BlackElo "1764"]
[PlyCount "89"]
[EventDate "2010.??.??"]

1. e4 c6 2. d4 d5 3. exd5 cxd5 4. Bd3 Nf6 5. c3 Nc6 6. Bf4 g6 7. Nf3 Bg4 8. Qb3
Qb6 9. Ne5 Qxb3 10. axb3 Bg7 11. Nxc6 bxc6 12. Ba6 Bc8 13. Bxc8 Rxc8 14. Rxa7
O-O 15. Rxe7 Rfe8 16. Rxe8+ Rxe8+ 17. Be3 Ng4 18. Kd2 f5 19. Re1 h6 20. f3 Nf6
21. h4 Nh5 22. Na3 Bf6 23. Bf2 Rxe1 24. Bxe1 Nf4 25. g3 Ne6 26. Nc2 Be7 27. Bf2
Kf7 28. Ne1 Bd6 29. Nd3 Kf6 30. c4 g5 31. hxg5+ Nxg5 32. Ke2 Ne6 33. c5 Bc7 34.
Nb4 Nd8 35. Na2 Ke6 36. b4 Kd7 37. Nc3 Ne6 38. Nd1 f4 39. g4 Kc8 40. Nc3 Bd8
41. b5 Kb7 42. b4 Bf6 43. bxc6+ Kxc6 44. b5+ Kb7 45. Kd3 1-0

[Event "XV Konik Morski Rewala - Open B"]
[Site "Rewal"]
[Date "2010.08.27"]
[Round "8.26"]
[White "Karwowski, Kacper"]
[Black "Zochowski, Kacper"]
[Result "0-1"]
[WhiteElo "1761"]
[BlackElo "1887"]
[PlyCount "190"]
[EventDate "2010.??.??"]

1. e4 e5 2. Nf3 Nc6 3. Bb5 a6 4. Ba4 Nf6 5. O-O b5 6. Bb3 Be7 7. Re1 d6 8. c3
O-O 9. h3 Na5 10. Bc2 c5 11. d4 Qc7 12. d5 Nb7 13. Nbd2 Nd8 14. Nf1 Ne8 15. Ng3
g6 16. a4 Rb8 17. Bh6 Ng7 18. Qd2 f6 19. axb5 axb5 20. b3 Nf7 21. Bxg7 Kxg7 22.
Nh2 Bd7 23. Ra2 Ra8 24. Rea1 Qb7 25. Bb1 Rfb8 26. Rxa8 Rxa8 27. Rxa8 Qxa8 28.
Qa2 Qxa2 29. Bxa2 f5 30. f3 Bg5 31. Nhf1 Bh4 32. Bb1 f4 33. Ne2 Be1 34. Nh2 h5
35. Bc2 Nh6 36. c4 b4 37. Nc1 Bd2 38. Nd3 Be3+ 39. Kf1 g5 40. Bd1 Kg6 41. Ne1
Ng8 42. Nc2 Bc1 43. Ke2 Nf6 44. Kd3 Bb2 45. Be2 Bc8 46. Bd1 Bd4 47. Nxd4 exd4
48. Be2 Nd7 49. Kc2 Ne5 50. Kd2 Kf6 51. Kc2 Nd7 52. Kd2 Ke5 53. Bd1 Nf6 54. Be2
Bd7 55. Bd1 Be8 56. Bc2 Bg6 57. Ke2 d3+ 58. Bxd3 Kd4 59. Kd2 Nd7 60. Bb1 Ne5
61. Bc2 Be8 62. Bd1 Bd7 63. Be2 Bc8 64. Bd1 Bb7 65. Be2 Ba6 66. Bf1 Nf7 67. Be2
Nd8 68. Nf1 Bc8 69. Nh2 Nb7 70. Nf1 Na5 71. Kc2 Bd7 72. Kb2 Be8 73. Kc2 Bg6 74.
Bd1 g4 75. hxg4 hxg4 76. Kd2 g3 77. Bc2 Be8 78. Bd1 Bd7 79. Ke2 Nb7 80. Nd2 Nd8
81. e5 Kxe5 82. Ne4 Bf5 83. Ng5 Kf6 84. Ne4+ Bxe4 85. fxe4 Ke5 86. Bc2 Nf7 87.
Kf3 Ng5+ 88. Kg4 Nxe4 89. Kf3 Nd2+ 90. Kg4 f3 91. Kxg3 fxg2 92. Kxg2 Kd4 93.
Kf2 Kc3 94. Bd1 Nxb3 95. Ke3 Nd2 0-1

[Event "XV Konik Morski Rewala - Open B"]
[Site "Rewal"]
[Date "2010.08.27"]
[Round "8.27"]
[White "Cyra, Dariusz"]
[Black "Biszof, Henryk"]
[Result "0-1"]
[WhiteElo "1874"]
[BlackElo "1739"]
[PlyCount "56"]
[EventDate "2010.??.??"]

1. d4 Nf6 2. c4 g6 3. Nc3 Bg7 4. e4 d6 5. f4 O-O 6. Nf3 c5 7. d5 e6 8. Be2 exd5
9. cxd5 a6 10. a4 Qa5 11. Bd2 Qb4 12. Nb5 Qxe4 13. Nc7 Ra7 14. Ba5 Nbd7 15. Qb3
Ng4 16. Bd2 b6 17. Ne6 Re8 18. O-O fxe6 19. dxe6 Ndf6 20. h3 Bxe6 21. Qxb6 Rb7
22. Qxa6 Rxb2 23. hxg4 Nxg4 24. Bb5 Rxd2 25. Nxd2 Qe3+ 26. Kh1 Bxa1 27. Bxe8
Bd5 28. Bc6 Qh3+ 0-1

[Event "XV Konik Morski Rewala - Open B"]
[Site "Rewal"]
[Date "2010.08.27"]
[Round "8.28"]
[White "Dzierzak, Radoslaw"]
[Black "Majdan, Damian"]
[Result "1-0"]
[WhiteElo "1608"]
[BlackElo "1846"]
[PlyCount "67"]
[EventDate "2010.??.??"]

1. e4 c6 2. d4 d5 3. Nc3 dxe4 4. Nxe4 Nd7 5. Bc4 Ngf6 6. Ng5 e6 7. Qe2 Nb6 8.
Bb3 Be7 9. N1f3 h6 10. Ne4 Nxe4 11. Qxe4 c5 12. dxc5 Bxc5 13. Bf4 O-O 14. O-O
Qf6 15. c3 Rd8 16. Rad1 Rxd1 17. Rxd1 Qf5 18. Rd8+ Bf8 19. Qxf5 exf5 20. Bc7 g5
21. Ne5 Kg7 22. Bxf7 f4 23. Bb3 Be7 24. Rg8+ Kh7 25. Ng6 Be6 26. Nxe7 Bxg8 27.
Nxg8 Nd7 28. Ne7 Nc5 29. Bc2+ Kg7 30. Nf5+ Kg6 31. b4 Ne6 32. Be5 h5 33. Nd6+
Kh6 34. Nf7# 1-0

[Event "XV Konik Morski Rewala - Open B"]
[Site "Rewal"]
[Date "2010.08.27"]
[Round "8.29"]
[White "Korcz, Daniel"]
[Black "Szolc, Grzegorz"]
[Result "1-0"]
[WhiteElo "1804"]
[BlackElo "1678"]
[PlyCount "75"]
[EventDate "2010.??.??"]

1. e4 c6 2. d4 d5 3. Nc3 g6 4. Be3 Bg7 5. e5 f6 6. f4 Nh6 7. Nf3 Bg4 8. Be2 O-O
9. h3 Bxf3 10. Bxf3 fxe5 11. fxe5 e6 12. Qd2 Nf7 13. Ne2 c5 14. c3 Nc6 15. O-O
Qe7 16. Rf2 b5 17. Raf1 Rac8 18. Bg4 Ncd8 19. g3 a5 20. h4 b4 21. Nf4 a4 22.
Bd1 Qd7 23. Nd3 Nb7 24. dxc5 Nxe5 25. Rxf8+ Rxf8 26. Rxf8+ Kxf8 27. Nxe5 Bxe5
28. Bh6+ Kg8 29. Qf2 Qe7 30. cxb4 Nd8 31. Bxa4 Nf7 32. Be3 Bg7 33. c6 Qxb4 34.
c7 Qb7 35. Qc2 Nd6 36. Bd7 Nc8 37. Bxe6+ Kh8 38. Qa4 1-0

[Event "XV Konik Morski Rewala - Open B"]
[Site "Rewal"]
[Date "2010.08.27"]
[Round "8.31"]
[White "Strumilo, Slawomir"]
[Black "Panczuk, Joanna"]
[Result "1/2-1/2"]
[WhiteElo "1821"]
[BlackElo "1651"]
[PlyCount "49"]
[EventDate "2010.??.??"]

1. e4 e6 2. c4 d5 3. exd5 exd5 4. cxd5 Qxd5 5. Nc3 Qd8 6. Bc4 c6 7. Qb3 Qc7 8.
Nf3 b5 9. Be2 Be6 10. Qc2 Qd8 11. O-O h6 12. d4 Nf6 13. Bf4 Be7 14. Rad1 O-O
15. Rfe1 Na6 16. a3 Rc8 17. Qb1 Nc7 18. Bxc7 Qxc7 19. b4 Rfe8 20. Ne5 Nd5 21.
Qb2 Bd6 22. Nxd5 Bxd5 23. Bg4 Rb8 24. h3 a5 25. Nd3 1/2-1/2

[Event "XV Konik Morski Rewala - Open B"]
[Site "Rewal"]
[Date "2010.08.27"]
[Round "8.32"]
[White "Jewulski, Krzysztof"]
[Black "Laszewski, Kazimierz"]
[Result "1-0"]
[WhiteElo "2002"]
[BlackElo "1769"]
[PlyCount "73"]
[EventDate "2010.??.??"]

1. e4 e5 2. Nf3 Nc6 3. Bb5 a6 4. Ba4 Nf6 5. O-O Be7 6. Re1 b5 7. Bb3 d6 8. c3
O-O 9. h3 Na5 10. Bc2 c5 11. d4 Qc7 12. Bg5 Nc4 13. b3 Nb6 14. Nbd2 Re8 15. Rc1
Nbd7 16. b4 c4 17. a4 Nf8 18. d5 Qd8 19. Be3 h6 20. Ra1 Bd7 21. Ra3 Ng6 22. Qa1
Nh5 23. axb5 axb5 24. Ra7 Qc8 25. Kh2 Nhf4 26. Ng1 Rf8 27. Qa5 Rb8 28. Rc7 Qe8
29. Qa7 Ra8 30. Qb7 Rb8 31. Qa6 Ra8 32. Ra7 Rb8 33. Ra1 Bc8 34. Qc6 Qxc6 35.
dxc6 Be6 36. R1a5 Rfc8 37. c7 1-0

[Event "XV Konik Morski Rewala - Open B"]
[Site "Rewal"]
[Date "2010.08.27"]
[Round "8.33"]
[White "Gotin, Evgeniy"]
[Black "Krupa, Jerzy"]
[Result "1-0"]
[WhiteElo "1696"]
[BlackElo "1947"]
[PlyCount "97"]
[EventDate "2010.??.??"]

1. e4 d5 2. exd5 Qxd5 3. Nc3 Qd6 4. g3 Nf6 5. Bg2 c6 6. d3 g6 7. Nge2 Bg7 8.
O-O O-O 9. Bf4 e5 10. Bd2 Be6 11. a3 Rd8 12. Bg5 Nbd7 13. b4 Bd5 14. Nxd5 cxd5
15. Nc3 Nb6 16. Qe2 h6 17. Bd2 Re8 18. Rad1 a6 19. Rfe1 Rac8 20. Rc1 Nbd7 21.
Nd1 Qc7 22. Ne3 d4 23. Nd5 Nxd5 24. Bxd5 Nf6 25. Bg2 Qd7 26. Qf3 Rc7 27. c3 Qa4
28. cxd4 Rxc1 29. Bxc1 exd4 30. Rxe8+ Nxe8 31. h4 Nd6 32. Bf4 Nf5 33. Qxb7 Qd1+
34. Kh2 Qe2 35. Qf3 Qb2 36. a4 Qxb4 37. Qa8+ Kh7 38. Qxa6 Qe1 39. Qb7 Qxf2 40.
a5 Nxh4 41. a6 g5 42. Bb8 g4 43. gxh4 Qxh4+ 44. Kg1 Qe1+ 45. Bf1 Qe3+ 46. Kh1
Qf2 47. Qg2 Qh4+ 48. Kg1 f5 49. a7 1-0

[Event "XV Konik Morski Rewala - Open B"]
[Site "Rewal"]
[Date "2010.08.27"]
[Round "8.34"]
[White "Skiba, Marta"]
[Black "Kardasz, Wladyslaw"]
[Result "1-0"]
[WhiteElo "1691"]
[BlackElo "1874"]
[PlyCount "101"]
[EventDate "2010.??.??"]

1. e4 c5 2. Nf3 e6 3. b3 Nc6 4. Bb2 Nf6 5. e5 Nd5 6. c4 Nf4 7. g3 Ng6 8. Bg2 a6
9. O-O Be7 10. d3 O-O 11. Nbd2 f5 12. exf6 Bxf6 13. Bxf6 Qxf6 14. Ne4 Qe7 15.
d4 cxd4 16. Nxd4 e5 17. Nf3 d6 18. Qxd6 Bg4 19. Qxe7 Ngxe7 20. Nfd2 Rad8 21. h3
Be2 22. Rfe1 Nd4 23. Rac1 Bd3 24. Bf1 Bxf1 25. Kxf1 Nf3 26. Nxf3 Rxf3 27. Kg2
Rfd3 28. Nc5 Rd2 29. Nxb7 Rb8 30. Nc5 Rxa2 31. Ra1 Rc2 32. Rxa6 Rf8 33. Rf1 Nf5
34. Kg1 Nd4 35. Ne6 Re8 36. Nxd4 exd4 37. Rd6 Re4 38. Kg2 Rc3 39. Rd1 Rxb3 40.
R1xd4 Re1 41. Rf4 h6 42. c5 Rc3 43. Rf5 Rec1 44. Rc6 Kh7 45. Rd5 R1c2 46. Rc7
Kh8 47. Rd8+ Kh7 48. Rdd7 Rxc5 49. Rxg7+ Kh8 50. Rh7+ Kg8 51. Rxc5 1-0

[Event "XV Konik Morski Rewala - Open B"]
[Site "Rewal"]
[Date "2010.08.27"]
[Round "8.35"]
[White "Gola, Karolina"]
[Black "Murawko, Katarzyna"]
[Result "1-0"]
[WhiteElo "1862"]
[BlackElo "1734"]
[PlyCount "73"]
[EventDate "2010.??.??"]

1. e4 c5 2. Nc3 d6 3. g3 Nf6 4. Bg2 e6 5. d3 Nc6 6. Be3 g6 7. h3 Bg7 8. Qd2 O-O
9. Nge2 Re8 10. O-O Qd7 11. f4 b6 12. Rad1 Kh8 13. d4 cxd4 14. Nxd4 Bb7 15.
Nxc6 Bxc6 16. Qxd6 Qb7 17. Qb4 Rab8 18. Bd4 a5 19. Qc4 b5 20. Qe2 b4 21. e5 Nh5
22. Bxc6 Qxc6 23. Ne4 Bh6 24. Kh2 Rec8 25. Rf2 Qa4 26. b3 Qc6 27. Qe3 Qc7 28.
Nd6 Rd8 29. Rfd2 Rg8 30. Ba7 Ra8 31. Bb6 Qe7 32. Bc5 Qc7 33. Ne4 Qc6 34. Rd6
Qb5 35. Rb6 Qe8 36. Nd6 Qf8 37. Nf5 1-0

[Event "XV Konik Morski Rewala - Open B"]
[Site "Rewal"]
[Date "2010.08.27"]
[Round "8.36"]
[White "Sowa, Martyna"]
[Black "Zawada, Jozef"]
[Result "1-0"]
[WhiteElo "1695"]
[BlackElo "1838"]
[PlyCount "101"]
[EventDate "2010.??.??"]

1. e4 d6 2. d4 Nf6 3. Nc3 g6 4. Be3 c6 5. f3 Bg7 6. Qd2 b5 7. Bd3 Nbd7 8. g4
Nb6 9. Bh6 O-O 10. Bxg7 Kxg7 11. Nge2 Be6 12. Ng3 Bc4 13. h4 a5 14. h5 Rh8 15.
Qg5 Bxd3 16. cxd3 h6 17. Nf5+ Kf8 18. Nxh6 Nh7 19. Qf4 f6 20. hxg6 Ng5 21. Kd2
e6 22. e5 dxe5 23. dxe5 Nc4+ 24. Kc2 Nxe5 25. Rad1 Nxg6 26. Qe3 Qd6 27. Ne4 Qe7
28. f4 Nf7 29. Nxf7 Kxf7 30. Rc1 Rxh1 31. Rxh1 Kg7 32. f5 Nf8 33. Qh6+ Kf7 34.
Qh5+ Kg7 35. Qh8+ Kf7 36. Rh7+ Nxh7 37. Qxh7+ Ke8 38. Qg8+ Kd7 39. Qxa8 Qb4 40.
Qb7+ Kd8 41. Qb6+ Kd7 42. fxe6+ Kxe6 43. Qxc6+ Kf7 44. Qxf6+ Kg8 45. Qg6+ Kh8
46. Qe8+ Kg7 47. Qd7+ Kg8 48. Nf6+ Kf8 49. Qc8+ Ke7 50. Qc7+ Kxf6 51. Qc3+ 1-0